| 000 | 00651nam a22001217a 4500 | ||
|---|---|---|---|
| 040 | _crua | ||
| 100 | _aLIM MENGSRONG លីម ម៉េងស្រុង | ||
| 245 | _aSTUDY ON LAND MARKET CHANGE IN SANGLAT KANTAOK, KHAN KAMBOUL, PHNOM PENH សិក្សាអំពីការបម្រែបម្រួលទីផ្សារដីធ្លីនៅសង្កាត់កន្ទោក ខណ្ឌកំបូល រាជធានីភ្នំពេញ | ||
| 260 |
_aPHNOM PENH _bRUA _c2023 |
||
| 300 |
_aX.58P _bVII. _c29CM |
||
| 856 | _uhttps://drive.google.com/file/d/1O06ZZfvKhyT76waazwIVF7sacreLJBBj/view?usp=sharing | ||
| 942 | _cLMA | ||
| 999 |
_c23193 _d23193 |
||